[Event "Challenge"]
[Site "http://www.queenalice.com/game.php?id=1194957"]
[Date "2013.6.28"]
[Round "-"]
[White "Ditto"]
[Black "edudaniel81"]
[Result "1-0"]
[WhiteElo "1711"]
[BlackElo "2037"]

1. d4 e6 2. c4 d5 3. Nf3 Nf6 4. b3 Nc6 5. Bg5 Be7 6. e3 O-O 7. Bd3 h6 8. Bf4 Nh5
9. cxd5 Bb4+ 10. Nbd2 Nxf4 11. exf4 exd5 12. O-O Qf6 13. Qc2 Qxf4 14. a3 Bxd2
15. Nxd2 Bg4 16. Rfe1 Nxd4 17. Qc3 Rfe8 18. Qb4 Be2 19. Qc3 Re6 20. Bxe2 Nxe2+
21. Rxe2 Rxe2 22. Nf3 c6 23. Qc5 1-0

[Event "Challenge"]
[Site "http://www.queenalice.com/game.php?id=1194958"]
[Date "2013.6.28"]
[Round "-"]
[White "ROYANDROLL"]
[Black "edudaniel81"]
[Result "0-1"]
[WhiteElo "1352"]
[BlackElo "1886"]

1. e4 e6 2. Nf3 d5 3. d3 dxe4 4. dxe4 Qxd1+ 5. Kxd1 Nc6 6. Bb5 Bd7 7. Bf4 O-O-O
8. Bxc6 Bxc6+ 9. Nbd2 Bxe4 10. Ne5 Bg6 11. h4 h5 12. Nc4 Nf6 13. Ne5 Ne4 14. Nd3
c5 15. Ne5 Nxf2+ 16. Ke2 Nxh1 17. Rxh1 Bd6 18. Bg5 f6 19. Nxg6 fxg5 20. Nxh8
Rxh8 21. hxg5 g6 22. Ne4 Be7 23. g3 Rd8 24. g4 hxg4 25. Rh7 Rd4 26. Ke3 g3 27.
Nxg3 Bxg5+ 28. Kf2 Bh4 29. Rh8+ Kd7 30. Ra8 a6 31. Rg8 Bxg3+ 32. Kxg3 Rd1 33.
Rxg6 Rg1+ 34. Kf4 Rxg6 35. Ke3 Kd6 36. c4 b5 37. cxb5 axb5 38. Kd3 Kd5 39. a3
Rg3+ 40. Kc2 Kd4 41. a4 bxa4 42. Kb1 e5 43. Ka2 e4 44. Kb1 e3 45. Kc1 e2 46. Kd2
Rg2 47. Ke1 Ke3 48. b3 Rg1# 0-1

[Event "Challenge"]
[Site "http://www.queenalice.com/game.php?id=1194959"]
[Date "2013.6.28"]
[Round "-"]
[White "frankcasadio"]
[Black "edudaniel81"]
[Result "0-1"]
[WhiteElo "1968"]
[BlackElo "2054"]

1. e4 e6 2. d4 d5 3. Bb5+ Bd7 4. Bxd7+ Nxd7 5. e5 c5 6. Nf3 cxd4 7. Bg5 f6 8.
exf6 Ngxf6 9. Nxd4 Bc5 10. Nxe6 Qe7 11. Qe2 Kf7 12. Nxc5 Qxe2+ 13. Kxe2 Rhe8+
14. Kd1 Nxc5 15. Nc3 d4 16. Nb5 Rad8 17. Nxa7 d3 18. c3 Re2 19. Be3 Na4 20. Rb1
Nxb2+ 21. Rxb2 Rxb2 22. Kc1 Rc2+ 23. Kb1 Ne4 24. Nb5 Rd5 25. a4 Rxb5+ 26. axb5
Nxc3+ 0-1

[Event "Challenge"]
[Site "http://www.queenalice.com/game.php?id=1194960"]
[Date "2013.6.28"]
[Round "-"]
[White "lemoufflet"]
[Black "edudaniel81"]
[Result "0-1"]
[WhiteElo "1710"]
[BlackElo "2134"]

1. e4 e6 2. d4 d5 3. Bd3 dxe4 4. Bxe4 Nf6 5. Bd3 c5 6. Nf3 Nc6 7. O-O cxd4 8.
Qd2 Bd6 9. g3 O-O 10. a4 e5 11. Ng5 h6 12. Nf3 e4 13. Be2 d3 14. cxd3 exf3 15.
Bxf3 Nd4 16. Qe3 Nc2 17. Qd2 Nxa1 18. Qc3 Bh3 19. Re1 Rc8 20. Qd2 Nb3 21. Qe3
Re8 22. Be4 Bc5 23. d4 Rxe4 24. Qc3 Qd5 25. Rxe4 Qxe4 26. f3 Qe2 0-1

[Event "Challenge"]
[Site "http://www.queenalice.com/game.php?id=1194961"]
[Date "2013.6.28"]
[Round "-"]
[White "pjbrito"]
[Black "edudaniel81"]
[Result "0-1"]
[WhiteElo "1534"]
[BlackElo "2039"]

1. e4 e6 2. d4 d5 3. Nc3 Nf6 4. Nf3 dxe4 5. Nxe4 Nxe4 6. Bd3 Nf6 7. Bg5 Be7 8.
Qd2 Bd7 9. O-O-O O-O 10. c3 Bc6 11. Ne5 Bxg2 12. Rhg1 Bc6 13. Nxc6 Nxc6 14. Bh6
Nh5 15. Rg2 Re8 16. Rdg1 g6 17. Bb5 Qd5 18. Bxc6 Qxc6 19. Rg5 Bxg5 20. Qxg5 Qd5
21. Qxd5 exd5 22. f4 Re2 23. Rg5 Rxh2 24. Rxd5 Nf6 25. Rg5 Rxh6 26. Re5 Re8 27.
Rb5 Re2 28. Rxb7 Rh1# 0-1

[Event "Challenge"]
[Site "http://www.queenalice.com/game.php?id=1194962"]
[Date "2013.6.28"]
[Round "-"]
[White "edudaniel81"]
[Black "Adrianovlg"]
[Result "1-0"]
[WhiteElo "1886"]
[BlackElo "2159"]

1. e4 c5 2. c3 Nc6 3. d4 cxd4 4. cxd4 d6 5. Nc3 g6 6. Bc4 Bg7 7. Nf3 Nf6 8. O-O
O-O 9. Re1 Bd7 10. e5 dxe5 11. dxe5 Ng4 12. e6 Bxe6 13. Bxe6 fxe6 14. Qxd8 Raxd8
15. Rxe6 Rd1+ 16. Nxd1 Nd4 17. Nxd4 Bxd4 18. Be3 Nxe3 19. Nxe3 Kf7 20. Re4 1-0

[Event "Challenge"]
[Site "http://www.queenalice.com/game.php?id=1194965"]
[Date "2013.6.28"]
[Round "-"]
[White "edudaniel81"]
[Black "KLEOJ"]
[Result "1-0"]
[WhiteElo "2110"]
[BlackElo "2185"]

1. e4 e6 2. d4 d5 3. e5 c5 4. c3 Bd7 5. Nf3 Nc6 6. Be2 cxd4 7. cxd4 Bb4+ 8. Nc3
Nge7 9. O-O Qb6 10. Be3 Nf5 11. Na4 Qa5 12. a3 Be7 13. b4 Qc7 14. Rc1 Nxe3 15.
fxe3 a6 16. Nc5 O-O 17. a4 Bxc5 18. bxc5 f6 19. exf6 Rxf6 20. Rb1 Raf8 21. Qb3
Bc8 22. Qb6 Qe7 23. Bxa6 e5 24. Bxb7 Bxb7 25. Qxb7 Qxb7 26. Rxb7 exd4 27. exd4
Nxd4 28. a5 Nc6 29. Ra1 Ra8 30. a6 Nd8 31. Rd7 Nf7 32. a7 Rc6 33. Rxf7 Kxf7 34.
Ne5+ Ke6 35. Nxc6 Kd7 36. Nd4 Kc7 37. Rf1 1-0

[Event "Challenge"]
[Site "http://www.queenalice.com/game.php?id=1194966"]
[Date "2013.6.28"]
[Round "-"]
[White "edudaniel81"]
[Black "eddval"]
[Result "1/2-1/2"]
[WhiteElo "2132"]
[BlackElo "2173"]

1. e4 c5 2. c3 d5 3. exd5 Qxd5 4. d4 e5 5. Nf3 cxd4 6. cxd4 exd4 7. Qxd4 Qxd4 8.
Nxd4 a6 9. Nc3 Nf6 10. Bg5 Be7 11. O-O-O O-O 12. Bc4 b5 13. Bxf6 Bxf6 14. Bd5
Ra7 15. Ne4 Rc7+ 16. Kb1 Bxd4 17. Rxd4 Bf5 18. g4 Bxe4+ 19. Bxe4 Rd7 20. Rhd1
Rfd8 21. Rxd7 Rxd7 22. Rxd7 Nxd7 23. b4 Kf8 24. Bb7 Nb8 25. f4 Ke7 26. Kc2 Kd6
27. Kd2 Kc7 28. Be4 h6 29. h4 Nc6 30. a3 f6 31. Kd3 Kd6 32. h5 Nd8 33. Ke3 Kc7
34. Kd4 Ne6+ 35. Ke3 Kd6 36. Bb7 Nc7 37. Ke4 Ke6 38. Kd4 Kd6 39. f5 Ne8 40. Bxa6
Kc6 41. Bc8 Nc7 42. Ke4 Kd6 43. Bb7 Ne8 44. Kd4 Nc7 45. Be4 Ne8 46. Bc2 Kc6 47.
a4 Nc7 48. a5 Na6 49. Be4+ Kd6 50. Bb7 Nxb4 51. Kc3 Kc5 52. a6 Nc6 53. Bxc6 Kxc6
54. Kb4 1/2-1/2

[Event "Challenge"]
[Site "http://www.queenalice.com/game.php?id=1194967"]
[Date "2013.6.28"]
[Round "-"]
[White "Adrianovlg"]
[Black "edudaniel81"]
[Result "1-0"]
[WhiteElo "2159"]
[BlackElo "2048"]

1. e4 e6 2. d4 d5 3. Nc3 Nf6 4. e5 Nfd7 5. f4 c5 6. Nf3 Nc6 7. Be3 a6 8. a3 g5
9. Nxg5 cxd4 10. Bxd4 Nxd4 11. Qxd4 Bc5 12. Qd2 h6 13. Nf3 b5 14. Be2 Bb7 15.
Nd4 Rg8 16. Bf3 Nxe5 17. O-O-O Nc4 18. Qd3 e5 19. fxe5 Qg5+ 20. Kb1 Ne3 21. Rde1
Bxd4 22. Qxd4 Nf5 23. Qb6 Qe7 24. Bxd5 Rb8 25. Rhf1 Qd8 26. Qxd8+ Kxd8 27. Rxf5
1-0

[Event "Challenge"]
[Site "http://www.queenalice.com/game.php?id=1194969"]
[Date "2013.6.28"]
[Round "-"]
[White "KLEOJ"]
[Black "edudaniel81"]
[Result "1-0"]
[WhiteElo "2167"]
[BlackElo "2079"]

1. d4 e6 2. Nf3 d5 3. Bf4 Bd6 4. Bxd6 Qxd6 5. c3 Nf6 6. e3 O-O 7. Bd3 Nbd7 8.
Nbd2 c5 9. O-O cxd4 10. exd4 Re8 11. Re1 b5 12. Bxb5 Rb8 13. Ba4 Rxb2 14. Bb3
Ba6 15. Qc1 Rxb3 16. axb3 Qc6 17. Re3 Ng4 18. Re1 Rb8 19. h3 Ngf6 20. Ra3 Rb7
21. Qa1 Rb6 22. Rc1 Qb7 23. c4 Rc6 24. Ne1 dxc4 25. bxc4 Qb4 26. Rxa6 Rxa6 27.
Qxa6 Qxd2 28. Qa1 Qf4 29. Nf3 Qc7 30. Qa2 Nb8 31. Ne5 Nc6 32. Nxc6 Qxc6 33. Qxa7
g6 34. Qb8+ Kg7 35. Qe5 Qa4 36. c5 Qa3 37. Re1 Qa8 38. Re3 Qd5 39. g4 h6 40.
Qxd5 Nxd5 41. Rf3 f5 42. gxf5 gxf5 43. Kf1 Kf6 44. Ke2 Ke7 45. Kd3 Kd7 46. Kc4
Kc6 47. Rg3 Nf4 48. h4 h5 49. Ra3 Kc7 50. Ra6 Kb7 51. Kb5 Kc7 52. Ra7+ 1-0

[Event "Challenge"]
[Site "http://www.queenalice.com/game.php?id=1194970"]
[Date "2013.6.28"]
[Round "-"]
[White "eddval"]
[Black "edudaniel81"]
[Result "0-1"]
[WhiteElo "2088"]
[BlackElo "2072"]

1. c4 e6 2. d4 d5 3. Nc3 Nf6 4. Nf3 Be7 5. e3 O-O 6. Bd3 dxc4 7. Bxc4 c5 8. O-O
a6 9. a4 Nc6 10. b3 Na5 11. Bb2 Nxc4 12. bxc4 Qc7 13. Rc1 b6 14. Qb3 Rd8 15.
Rfd1 Rb8 16. Rd2 cxd4 17. exd4 Bb7 18. Ne5 Bd6 19. f4 g5 20. fxg5 Bxe5 21. gxf6
Bxd4+ 22. Rxd4 Rxd4 23. Nd5 Qc5 24. Bxd4 Qxd4+ 25. Kh1 Qe5 26. Ne7+ Kh8 27. Rf1
Rd8 28. Qxb6 Bxg2+ 29. Kxg2 Rd2+ 30. Rf2 Qe4+ 31. Kg1 Qg4+ 0-1

[Event "AUTO-OPEN-3023"]
[Site "http://www.queenalice.com/game.php?id=1195316"]
[Date "2013.6.29"]
[Round "1"]
[White "edudaniel81"]
[Black "Aspayne"]
[Result "1-0"]
[WhiteElo "2007"]
[BlackElo "2017"]

1. e4 Nf6 2. e5 Nd5 3. c4 Nb6 4. d4 d6 5. f4 dxe5 6. fxe5 Bf5 7. Nc3 e6 8. Nf3
Be7 9. Be3 O-O 10. Be2 Nc6 11. O-O Na5 12. b3 f6 13. Nh4 fxe5 14. Nxf5 exf5 15.
c5 Nd7 16. b4 Nc6 17. Qb3+ Kh8 18. dxe5 Ndxe5 19. Rad1 Qe8 20. b5 Nd8 21. Nd5
Rc8 22. Bd4 Bf6 23. Nxf6 Rxf6 24. Bc4 Nxc4 25. Bxf6 1-0

[Event "AUTO-OPEN-3023"]
[Site "http://www.queenalice.com/game.php?id=1195317"]
[Date "2013.6.29"]
[Round "1"]
[White "Aspayne"]
[Black "edudaniel81"]
[Result "1/2-1/2"]
[WhiteElo "2019"]
[BlackElo "2054"]

1. e4 e6 2. c4 d5 3. cxd5 exd5 4. exd5 Qxd5 5. Nc3 Qe6+ 6. Qe2 Nc6 7. Qxe6+ Bxe6
8. Bb5 Ne7 9. d4 a6 10. Bxc6+ Nxc6 11. Be3 O-O-O 12. O-O-O Bb4 13. Nge2 Rhe8 14.
d5 Bg4 1/2-1/2

[Event "AUTO-OPEN-3023"]
[Site "http://www.queenalice.com/game.php?id=1195318"]
[Date "2013.6.29"]
[Round "1"]
[White "edudaniel81"]
[Black "sia"]
[Result "1-0"]
[WhiteElo "2095"]
[BlackElo "2013"]

1. e4 e5 2. Nf3 d6 3. d4 f6 4. dxe5 fxe5 5. Nc3 Be7 6. Bc4 Bg4 7. h3 Bh5 8. O-O
Nc6 9. Nd5 Nd4 10. g4 Nxf3+ 11. Qxf3 Bg6 12. Qb3 Bxe4 13. Nc3 Nf6 14. g5 d5 15.
gxf6 dxc4 16. Qxc4 gxf6 17. Qxe4 c6 18. Qg4 Qb6 19. Rd1 Bc5 20. Qd7+ Kf8 21.
Bh6+ Kg8 22. Qg7# 1-0

[Event "AUTO-OPEN-3023"]
[Site "http://www.queenalice.com/game.php?id=1195319"]
[Date "2013.6.29"]
[Round "1"]
[White "sia"]
[Black "edudaniel81"]
[Result "1-0"]
[WhiteElo "2000"]
[BlackElo "2099"]

1. g3 d5 2. Bg2 Nf6 3. Nf3 e6 4. b3 c5 5. O-O Nc6 6. Bb2 Be7 7. Nc3 d4 8. Nb5
O-O 9. d3 a6 10. Na3 b5 11. Nxd4 cxd4 12. Bxc6 Ra7 13. Bg2 e5 14. Nb1 Bb7 15.
Nd2 Bxg2 16. Kxg2 Rc7 17. Nf3 Bd6 18. e3 dxe3 19. fxe3 Ng4 20. Re1 Bb4 21. Re2
e4 22. Nd4 Re8 23. dxe4 Qa8 24. Qd3 Ne5 25. Qd1 Qxe4+ 26. Kg1 Bc5 27. c3 Nf3+
28. Nxf3 Qxf3 29. Bc1 Rce7 30. a3 1-0

[Event "AUTO-OPEN-3023"]
[Site "http://www.queenalice.com/game.php?id=1195320"]
[Date "2013.6.29"]
[Round "1"]
[White "edudaniel81"]
[Black "Ruckus"]
[Result "1-0"]
[WhiteElo "2058"]
[BlackElo "1461"]

1. e4 c5 2. c3 d5 3. exd5 Nf6 4. d4 cxd4 5. cxd4 Qxd5 6. Nc3 Bg4 7. Nxd5 Bxd1 8.
Nc7+ Kd7 9. Nxa8 Bh5 10. Bf4 e6 11. Bb5+ Nc6 12. Nc7 Bb4+ 13. Kf1 a6 14. Bxc6+
bxc6 15. Nxa6 Ba5 16. Nb8+ 1-0

[Event "AUTO-OPEN-3023"]
[Site "http://www.queenalice.com/game.php?id=1195321"]
[Date "2013.6.29"]
[Round "1"]
[White "Ruckus"]
[Black "edudaniel81"]
[Result "0-1"]
[WhiteElo "1531"]
[BlackElo "2134"]

1. e4 e6 2. d4 d5 3. Nc3 Nf6 4. e5 Nfd7 5. Nf3 c5 6. Bb5 a6 7. Bd3 Nc6 8. Bf4
cxd4 9. Ne2 f6 10. c3 dxc3 11. bxc3 fxe5 12. Bg5 Be7 13. Bxe7 Qxe7 14. Bc2 O-O
15. O-O e4 16. Nfd4 e5 17. Bb3 exd4 18. Bxd5+ Kh8 19. Nxd4 Nxd4 20. Qxd4 Nf6 21.
Bb3 Bg4 22. Rfe1 Rad8 23. Qe3 Qc7 24. Bc2 Bf5 25. Rab1 b5 26. h3 Nd5 27. Qg3
Qxg3 28. fxg3 Nxc3 29. Rb4 Rd2 30. Bxe4 Re8 0-1

[Event "OS INCLIVEIS"]
[Site "http://www.queenalice.com/game.php?id=1196332"]
[Date "2013.7.2"]
[Round "-"]
[White "adelio"]
[Black "edudaniel81"]
[Result "0-1"]
[WhiteElo "1709"]
[BlackElo "2058"]

1. d4 e6 2. e4 d5 3. e5 c5 4. Nf3 Nc6 5. Be2 Qb6 6. O-O cxd4 7. Ng5 Nxe5 8. Kh1
Nf6 9. f4 Nc6 10. Nxf7 Kxf7 11. Bg4 Nxg4 12. Qxg4 h5 13. Qg3 Ne7 14. Nd2 Nf5 15.
Qe1 Bb4 16. a3 Ne3 17. Rf2 Nxc2 18. Qf1 Nxa1 19. axb4 Nc2 20. f5 e5 21. Nf3 Ne3
22. Nxe5+ Kf6 23. Bxe3 dxe3 24. Rf4 Kxe5 25. Qd3 Kxf4 26. g3+ Ke5 27. Qc3+ d4
28. Qb3 Qc6+ 29. Kg1 Qc1+ 30. Kg2 Qd2+ 31. Kh1 Qe1+ 32. Kg2 Qe2+ 33. Kh1 Qf1#
0-1

[Event "Challenge"]
[Site "http://www.queenalice.com/game.php?id=1198035"]
[Date "2013.7.8"]
[Round "-"]
[White "Zugswang"]
[Black "edudaniel81"]
[Result "1-0"]
[WhiteElo "2047"]
[BlackElo "2074"]

1. e4 e6 2. d4 d5 3. e5 c5 4. c3 Nc6 5. Nf3 Qb6 6. a3 c4 7. Qc2 Bd7 8. Be3 f6 9.
Nbd2 O-O-O 10. b3 cxb3 11. Nxb3 fxe5 12. dxe5 Qc7 13. c4 Nxe5 14. Nxe5 Qxe5 15.
cxd5+ Kb8 16. Be2 Rc8 17. Qd2 Nf6 18. Bf4 1-0